| 000 | 01321cam a22003737a 4500 | ||
|---|---|---|---|
| 001 | 16622245 | ||
| 003 | SISC | ||
| 005 | 20160224133411.0 | ||
| 008 | 110124s2009 vtua j b 001 0 eng d | ||
| 010 | _a 2010284725 | ||
| 020 | _a9781934670361 (pbk.) | ||
| 035 | _a(OCoLC)ocn362676840 | ||
| 040 |
_aLKR _cLKR _dQBX _dBTCTA _dYBM _dEHH _dDLC |
||
| 042 | _alccopycat | ||
| 043 | _azs----- | ||
| 050 | 0 | 0 |
_aQB 501.3 _b.Y29 2009 |
| 082 | 0 | 4 |
_aHS 523.218 _bY1 2009 |
| 100 | 1 |
_aYasuda, Anita. _911117 |
|
| 245 | 1 | 0 |
_aExplore the solar system! / _cAnita Yasuda ; illustrated by Bryan Stone. |
| 260 |
_aWhite River Junction, VT : _bNomad Press, _cc2009. |
||
| 300 |
_a92 p. : _bill. ; _c26 cm. |
||
| 500 | _a"25 great projects, activities, experiments"--Cover. | ||
| 504 | _aIncludes bibliographical references (p. 91) and index. | ||
| 650 | 0 |
_aPlanets _vJuvenile literature. _911118 |
|
| 650 | 0 |
_aAstronomy _vJuvenile literature. _911119 |
|
| 650 | 0 |
_aConstellations _vJuvenile literature. _911120 |
|
| 651 | 0 |
_aSolar system _vJuvenile literature. _911121 |
|
| 700 | 1 |
_aStone, Bryan, _eill. _911122 |
|
| 906 |
_a7 _bcbc _ccopycat _d2 _encip _f20 _gy-gencatlg |
||
| 942 |
_2lcc _cBK |
||
| 999 |
_c8779 _d8779 |
||